Normal view
MARC view
- Construction.
Entry Topical Term
001 - CONTROL NUMBER
- control field: 30209
003 - CONTROL NUMBER IDENTIFIER
- control field: NUST
005 - DATE AND TIME OF LATEST TRANSACTION
- control field: 20200917110439.0
008 - FIXED-LENGTH DATA ELEMENTS
- fixed length control field: 200917|| aca||aabn | a|a d
040 ## - CATALOGING SOURCE
- Original cataloging agency: NUST
- Transcribing agency: NUST
150 ## - HEADING--TOPICAL TERM
- Topical term or geographic name entry element: Construction.
670 ## - SOURCE DATA FOUND
- Source citation: Work cat.: (NUST)0: Connor, Jerome J. author. 30203, Fundamentals of Structural Engineering /
